MyGZULibrary

Believing and acting : (Record no. 319)

MARC details
000 -LEADER
fixed length control field 01433cam a22003854i 4500
001 - CONTROL NUMBER
control field 17032964
003 - CONTROL NUMBER IDENTIFIER
control field GZU
005 - DATE AND TIME OF LATEST TRANSACTION
control field 20200720130039.0
008 - FIXED-LENGTH DATA ELEMENTS--GENERAL INFORMATION
fixed length control field 111103s2012 enk b 001 0 eng c
010 ## - LIBRARY OF CONGRESS CONTROL NUMBER
LC control number 2011942642
016 7# - NATIONAL BIBLIOGRAPHIC AGENCY CONTROL NUMBER
Record control number 015969088
Source Uk
020 ## - INTERNATIONAL STANDARD BOOK NUMBER
International Standard Book Number 9780199583904
020 ## - INTERNATIONAL STANDARD BOOK NUMBER
International Standard Book Number 0199583900
035 ## - SYSTEM CONTROL NUMBER
System control number (OCoLC)ocn749871256
040 ## - CATALOGING SOURCE
Original cataloging agency BTCTA
Language of cataloging eng
Transcribing agency BTCTA
Modifying agency UKMGB
-- BDX
-- YDXCP
-- CDX
-- DEBBG
Description conventions rda
Modifying agency CGU
-- BWX
-- ZCU
-- COO
-- STF
-- DLC
042 ## - AUTHENTICATION CODE
Authentication code pcc
050 00 - LIBRARY OF CONGRESS CALL NUMBER
Classification number BJ47
Item number .D38 2012
082 00 - DEWEY DECIMAL CLASSIFICATION NUMBER
Classification number 200
Edition number 23
100 1# - MAIN ENTRY--PERSONAL NAME
Personal name Davis, G. Scott,
Dates associated with a name 1953-
245 10 - TITLE STATEMENT
Title Believing and acting :
Remainder of title the pragmatic turn in comparative religion and ethics /
Statement of responsibility, etc. G. Scott Davis.
246 31 - VARYING FORM OF TITLE
Title proper/short title Believing & acting
260 ## - PUBLICATION, DISTRIBUTION, ETC.
Place of publication, distribution, etc. Oxford :
Name of publisher, distributor, etc. Oxford University Press,
Date of publication, distribution, etc. 2012.
300 ## - PHYSICAL DESCRIPTION
Extent 234 p. ;
Dimensions 22 cm
336 ## - CONTENT TYPE
Content type term text
Source rdacontent
337 ## - MEDIA TYPE
Media type term unmediated
Source rdamedia
338 ## - CARRIER TYPE
Carrier type term volume
Source rdacarrier
504 ## - BIBLIOGRAPHY, ETC. NOTE
Bibliography, etc. note Includes bibliographical references (p. 199-226) and index.
650 #0 - SUBJECT ADDED ENTRY--TOPICAL TERM
Topical term or geographic name entry element Religion and ethics.
650 #0 - SUBJECT ADDED ENTRY--TOPICAL TERM
Topical term or geographic name entry element Pragmatism.
856 42 - ELECTRONIC LOCATION AND ACCESS
Materials specified Publisher description
Uniform Resource Identifier <a href="http://www.loc.gov/catdir/enhancements/fy1310/2011942642-d.html">http://www.loc.gov/catdir/enhancements/fy1310/2011942642-d.html</a>
856 41 - ELECTRONIC LOCATION AND ACCESS
Materials specified Table of contents only
Uniform Resource Identifier <a href="http://www.loc.gov/catdir/enhancements/fy1310/2011942642-t.html">http://www.loc.gov/catdir/enhancements/fy1310/2011942642-t.html</a>
906 ## - LOCAL DATA ELEMENT F, LDF (RLIN)
a 7
b cbc
c pccadap
d 2
e ncip
f 20
g y-gencatlg
942 ## - ADDED ENTRY ELEMENTS (KOHA)
Source of classification or shelving scheme Library of Congress Classification
Koha item type Books
Classification part BJ47 DAV 2012
Item part DAV
Call number prefix BJ
Call number suffix 2012
Holdings
Withdrawn status Lost status Damaged status Not for loan Collection code Home library Current library Shelving location Date acquired Total Checkouts Full call number Barcode Date last seen Copy number Price effective from Koha item type
        Non-fiction City Campus Library City Campus Library General Stacks 07/20/2020   BJ47 DAV 2012 001573 07/20/2020 c.1 07/20/2020 Books